Enhancing Indo-Canadian cooperation in the era of globalisation: Strategies for the future (Record no. 73003)

000 -LEADER
fixed length control field 01262pab a2200181 454500
008 - FIXED-LENGTH DATA ELEMENTS--GENERAL INFORMATION
fixed length control field 180718b2006 xxu||||| |||| 00| 0 eng d
100 ## - MAIN ENTRY--PERSONAL NAME
Personal name Basdeo, Sahadeo
245 ## - TITLE STATEMENT
Title Enhancing Indo-Canadian cooperation in the era of globalisation: Strategies for the future
260 ## - PUBLICATION, DISTRIBUTION, ETC.
Date of publication, distribution, etc. 2006
300 ## - PHYSICAL DESCRIPTION
Extent p.791-810.
362 ## - DATES OF PUBLICATION AND/OR SEQUENTIAL DESIGNATION
Dates of publication and/or sequential designation Oct-Dec
520 ## - SUMMARY, ETC.
Summary, etc. As the forces of globalisation gained momentum, the world economy began to change dramatically and swiftly to the benefit of the more open, liberalised economies, and as such technological developments, in transportation and communication decreased the natural barriers to trade. In the process, international trade increased in importance. To a regional power and to a burgeoning world power such as India, economic considerations became paramount. It is against this background that this article traces evolution of bilateral relations between India and Canada. There has been a perceptible shift in the relations between two nations and this article focuses on the areas that offer opportunities for mutually satisfying and beneficial cooperation. - Reproduced.
650 ## - SUBJECT ADDED ENTRY--TOPICAL TERM
Topical term or geographic name entry element Globalization
650 ## - SUBJECT ADDED ENTRY--TOPICAL TERM
Topical term or geographic name entry element Economic cooperation
773 ## - HOST ITEM ENTRY
Main entry heading Indian Journal of Public Administration
908 ## - PUT COMMAND PARAMETER (RLIN)
Put command parameter N
909 ## -
-- 73003
Holdings
Withdrawn status Lost status Damaged status Not for loan Permanent Location Current Location Date acquired Serial Enumeration / chronology Barcode Date last seen Price effective from Koha item type
        Indian Institute of Public Administration Indian Institute of Public Administration 2018-07-19 Volume no: 52, Issue no: 4 AR73463 2018-07-19 2018-07-19 Articles

Powered by Koha